Born in York - Statistics

General Stats
  • This quiz has been taken 13 times
  • The average score is 3 of 5
Answer Stats
Hint Answer % Correct
Known for his gunpowder plot, on 5 November a night named after him is celebrated in the UK 1570 Guy Fawkes
100%
Actress, "James Bond" films "Shakespeare in Love" "Philomena" "Belfast" 1934 Judi Dench
73%
Footballer who plays for Everton and the English national team 1998 Ben Godfrey
45%
Actor, known for his roles as Argus Filch in "Harry Potter" and Walder Frey in "Game of Thrones" 1942 David Bradley
45%
Secretary of State for Exiting the European Union from 2016 to 2018 1948 David Davis
45%
No matching quizzes found
Score Distribution
Percent of People with Each Score
Percentile by Number Answered
Your Score History
You have not taken this quiz